Plotino

Salvato in:
Dettagli Bibliografici
Autore principale: Quiles, Ismael (Autore)
Natura: Libro
Lingua:spagnolo
Pubblicazione: Buenos Aires Espasa-Calpe 1950
Serie:Obras de Ismael Quiles, 10
Soggetti:
Tags: Aggiungi Tag
Nessun Tag, puoi essere il primo ad aggiungerne!!

MARC

LEADER 00000nam a2200000 a 4500
001 UCH6934
003 CL-VaPUC
008 091109e19500000AG |||||||||||||||||spa|d
082 0 4 |a 201  |b QUI  |2 21 
100 0 |a Quiles, Ismael  |e author  |9 338512 
245 1 0 |a Plotino 
246 1 3 |a El alma, la belleza y la contemplación 
300 |a 148 p 
942 |c BK 
945 |d 20091109 00:00:00  |a lazolas 
260 |a Buenos Aires  |b Espasa-Calpe  |c 1950 
650 0 |a Filosofía antigua   |9 255705 
650 0 |a Neoplatonismo  |9 265877 
583 |a last modification  |c 20091109 00:00:00  |k Rodrigo Vera 
490 0 |a Obras de Ismael Quiles, 10 
999 |c 337729  |d 337727